La naturaleza de la materia [película] / (Record no. 40841)

MARC details
000 -CABECERA
campo de control de longitud fija 00511ngm a2200181 a 4500
005 - FECHA Y HORA DE LA ÚLTIMA TRANSACCIÓN
campo de control 20220520093443.0
008 - ELEMENTOS DE LONGITUD FIJA--INFORMACIÓN GENERAL
campo de control de longitud fija 991125s1973 ea 021 d daeng u
035 ## - NÚMERO DE CONTROL DEL SISTEMA
Número de control de sistema UPN01000040841
049 ## - COLECCIÓN
Colección AV
050 #4 - SIGNATURA TOPOGRÁFICA DE LA BIBLIOTECA DEL CONGRESO
Número de clasificación PPE 10
100 1# - ASIENTO PRINCIPAL--NOMBRE PERSONAL
Nombre de persona Katten, Steven
9 (RLIN) 28817
245 13 - MENCIÓN DE TÍTULO
Título La naturaleza de la materia [película] /
Mención de responsabilidad, etc. Steven Katten.
260 ## - PUBLICACIÓN, DISTRIBUCIÓN, ETC.
Lugar de publicación, distribución, etc. New York :
Nombre del editor, distribuidor, etc. McGraw-Hill,
Fecha de publicación, distribución, etc. 1973.
300 ## - DESCRIPCIÓN FÍSICA
Extensión 1 carrete (21 min.) :
Otras características físicas sd
650 #2 - ASIENTO SECUNDARIO DE MATERIA - TERMINO TEMATICO
Término de materia o nombre geográfico como elemento de entrada Átomos
9 (RLIN) 2821
650 #2 - ASIENTO SECUNDARIO DE MATERIA - TERMINO TEMATICO
Término de materia o nombre geográfico como elemento de entrada Física nuclear
9 (RLIN) 15703
905 ## - TIPO DE MATERIAL
Tipo de material Audiovisuales
Holdings
Estado de retiro Estado de pérdida Fuente del sistema de clasificación o colocación Estado dañado No para préstamo Código de colección Localización permanente Ubicación/localización actual Ubicación en estantería Fecha de adquisición Clasificación Código de barras Fecha visto por última vez Número de copia Tipo de ítem Koha Nota pública
    Library of Congress Classification     Audiovisuales Bib. Gregorio Torres Quintero Bib. Gregorio Torres Quintero Audiovisual 31/01/2023 PPE 10 27P 31/12/2020 1 Libro La biblioteca no cuenta con el equipo de reproducción.